Stephen Wells v Pilling Parish Council (Record no. 80428)
[ view plain ]
| 000 -LEADER | |
|---|---|
| fixed length control field | 01877cad a22002415a 4500 |
| 001 - CONTROL NUMBER | |
| control field | L144339 |
| 008 - FIXED-LENGTH DATA ELEMENTS--GENERAL INFORMATION | |
| fixed length control field | 080711e20080306xxk f v 000 0 eng d |
| 035 ## - SYSTEM CONTROL NUMBER | |
| System control number | (Sirsi) u144339 |
| 041 0# - LANGUAGE CODE | |
| Language code of text/sound track or separate title | eng |
| 245 00 - TITLE STATEMENT | |
| Title | Stephen Wells v Pilling Parish Council |
| Medium | [electronic resource] |
| 260 ## - PUBLICATION, DISTRIBUTION, ETC. | |
| Date of publication, distribution, etc. | 2008 |
| 520 ## - SUMMARY, ETC. | |
| Summary, etc. | [2008] EWHC 556 (Ch), 6 March 2008. Appellant (W) appealed against an adjudicator's decision that refused to cancel an application by the respondent local authority (P) to alter the land register. W had been registered as the proprietor of a freehold with possessory title according to the Land Registration Act 2002. P sought closure of part of W's title as it asserted that he had not established the title through adverse possession as was claimed. The issue to be determined was whether P's application to alter the register was a matter of private or public law. Held: appeal allowed. Local authority's application to alter the land register to close part of a registered proprietor's title to land on the foreshore was a matter of private law. As the local authority did not have standing under private law, the adjudicator was required to strike out the application under the Adjudicator to Her Majesty's land Registry (Practice and Procedure) Rules 2003. |
| 590 ## - LOCAL NOTE (RLIN) | |
| Local note | KA |
| 650 24 - SUBJECT ADDED ENTRY--TOPICAL TERM | |
| Topical term or geographic name entry element | STEPHEN WELLS V PILLING PARISH COUNCIL |
| 650 24 - SUBJECT ADDED ENTRY--TOPICAL TERM | |
| Topical term or geographic name entry element | LAND REGISTRATION (SCOTLAND) ACT 1979 |
| 650 24 - SUBJECT ADDED ENTRY--TOPICAL TERM | |
| Topical term or geographic name entry element | LAND REGISTRATION ACT 2002 |
| 650 24 - SUBJECT ADDED ENTRY--TOPICAL TERM | |
| Topical term or geographic name entry element | ADJUDICATOR TO HER MAJESTY'S LAND REGISTRY (PRACTICE AND PROCEDURE) RULES 2003 |
| 650 24 - SUBJECT ADDED ENTRY--TOPICAL TERM | |
| Topical term or geographic name entry element | WILSON AND OTHERS V KEEPERS OF THE REGISTER OF SCOTLAND |
| 651 #4 - SUBJECT ADDED ENTRY--GEOGRAPHIC NAME | |
| Geographic name | United Kingdom |
| Chronological subdivision | |
| 690 ## - LOCAL SUBJECT ADDED ENTRY--TOPICAL TERM (OCLC, RLIN) | |
| Topical term or geographic name as entry element | PROPERTY ACQUISITION AND DISPOSAL-REGISTRATION OF TITLE TO PROPERTY-LAND REGISTRATION |
| 856 40 - ELECTRONIC LOCATION AND ACCESS | |
| Uniform Resource Identifier | <a href="https://www.bailii.org/ew/cases/EWHC/Ch/2008/556.html">https://www.bailii.org/ew/cases/EWHC/Ch/2008/556.html</a> |
| Public note | View the case free of charge online at www.bailii.org... |
| 942 ## - ADDED ENTRY ELEMENTS (KOHA) | |
| Suppress in OPAC | 0 |
| Withdrawn status | Lost status | Source of classification or shelving scheme | Damaged status | Not for loan | Home library | Current library | Shelving location | Date acquired | Total Checkouts | Full call number | Barcode | Date last seen | Copy number | Price effective from | Koha item type |
|---|---|---|---|---|---|---|---|---|---|---|---|---|---|---|---|
| Dewey Decimal Classification | Virtual | Virtual | Online | 11/07/2008 | ONLINE PUBLICATION | 144339-1001 | 06/08/2019 | 1 | 06/08/2019 | Law report |